| 000 | 00540nam a2200157 i 4500 | ||
|---|---|---|---|
| 001 | 39046 | ||
| 003 | ES-MaACL | ||
| 005 | 20250830063047.0 | ||
| 007 | t| | ||
| 008 | 030227s1903 ag ||||1| spa d | ||
| 100 | 1 |
_aCalzada, Rafael, _d1854-1929 _933943 |
|
| 245 | 1 | 0 |
_aHomenaje a la memoria de Giovanni Bovio, jefe del Partido Republicano Italiano / _cdiscurso de Rafael Calzada. |
| 260 |
_aBuenos Aires : _b[s.n., _c1903] ( _fEl Correo EspaƱol) |
||
| 852 |
_aES-MaACL _j1659-F-6 |
||
| 999 |
_c39046 _d39046 |
||